|
|
|
|
| LEADER |
01293nam a2200289 a 4500 |
| 001 |
7610 |
| 003 |
BD-DhAAL |
| 008 |
100222t1973 nyu b 000 0 eng d |
| 010 |
|
|
|a \\\73180875
|
| 020 |
|
|
|a 0061361224
|
| 020 |
|
|
|a 0061317880 (pbk.)
|
| 040 |
|
|
|a DLC
|c DLC
|d DLC
|d BD-DhAAL
|
| 082 |
0 |
0 |
|a 330
|2 23
|
| 100 |
1 |
|
|a Schumacher, E. F.
|q (Ernst Friedrich),
|d 1911-1977.
|9 8249
|
| 245 |
1 |
0 |
|a Small is beautiful :
|b economics as if people mattered /
|c E. F. Schumacher.
|
| 260 |
|
|
|a New York :
|b Harper & Row,
|c c1973, 1975.
|
| 300 |
|
|
|a 290 pages,
|a 305 pages ;
|c 20 cm.
|
| 490 |
0 |
|
|a Harper torchbooks,
|v TB 1778
|
| 504 |
|
|
|a Includes bibliographical references.
|
| 541 |
1 |
|
|a Donated By Akbar Ali Khan
|e 7610, 40520
|
| 650 |
|
0 |
|a Economics.
|
| 830 |
|
|
|a Harper torchbooks,
|v TB 1778
|9 53844
|
| 852 |
4 |
|
|a Ayesha Abed Library
|j General Stacks
|
| 942 |
|
|
|2 ddc
|c BK
|
| 999 |
|
|
|c 7642
|d 7642
|
| 952 |
|
|
|0 0
|1 0
|2 ddc
|4 0
|6 330_000000000000000_SCH
|7 0
|9 8366
|a BRACUL
|b BRACUL
|c GEN
|d 2010-02-22
|l 0
|o 330 SCH
|p 3010007610
|r 2010-02-22
|t 1
|w 2010-02-22
|y BK
|x The lost item was found latter, however a new book was purchased against it (Acc # 32077)
|
| 952 |
|
|
|0 0
|1 0
|2 ddc
|4 0
|6 330_000000000000000_SCH
|7 1
|9 73367
|a BRACUL
|b BRACUL
|c AAKC
|d 2023-03-13
|e Donated By Akbar Ali Khan
|l 0
|o 330 SCH
|p 3010040520
|r 2023-03-13
|t 2
|w 2023-03-13
|y BK
|